Catalog

Record Details

Catalog Search



Available copies

  • 1 of 3 copies available at LARL/NWRL Consortium.
  • 1 of 2 copies available at Lake Agassiz Regional Library. (Show preferred library)

Current holds

1 current hold with 3 total copies.

Show Only Available Copies
Location Call Number / Copy Notes Barcode Shelving Location Status Due Date
McIntosh Public Library THA (Text) 33500014394092 New Available -
Moorhead Public Library THA (Text) 33500014394084 New Checked out 07/06/2026
Red Lake Falls Public Library THA (Text) 35500006937955 New Checked out 07/08/2026

Record details

  • ISBN: 9780778307433
  • ISBN: 0778307433
  • ISBN: 9781335013200
  • ISBN: 1335013202
  • Physical Description: 371 pages ; 24 cm
  • Publisher: Toronto, Ontario, Canada : MIRA, [2026]

Content descriptions

Summary, etc.:
"Sandwiched between caring for her mother and ... Read More
Subject: Family secrets > Fiction.
Man-woman relationships > Fiction.
Mothers and daughters > Fiction.
Family-owned business enterprises > Fiction.
Bookstores > Fiction.
Single parents > Fiction.
Fiction/Romance - Enemies to Lovers.
Fiction/Romance - Later in Life.
Fiction/Family Life - Marriage & Divorce.
Fiction/Small Town & Rural.
Fiction/Women.
Fiction/Friendship.
Genre: Domestic fiction.
Romance fiction.
LDR 03069cam a2200517 i 4500
001484184
003LARL_NWRL_CONSORTIUM
00520260608212755.0
008260518t20262026onc e 000 1 eng d
040 . ‡aIG# ‡beng ‡erda ‡cIG# ‡dOCLCO ‡dORX ‡dOCLCQ ‡dIH9 ‡dOWL ‡dRNL ‡dIMT
020 . ‡a9780778307433 ‡q(hardcover)
020 . ‡a0778307433 ‡q(hardcover)
020 . ‡a9781335013200 ‡q(paperback)
020 . ‡a1335013202 ‡q(paperback)
035 . ‡a(OCoLC)1591835450
08204. ‡a813/.54 ‡qTnLvILS ‡223
1001 . ‡aThayne, RaeAnne, ‡eauthor. ‡1https://id.oclc.org/worldcat/entity/E39PBJxxk9TD8B4rDtqb8mXKh3 ‡0(LARL_NWRL_CONSORTIUM)220964
24514. ‡aThe Rainy Day Bookshop / ‡cRaeAnne Thayne.
264 1. ‡aToronto, Ontario, Canada : ‡bMIRA, ‡c[2026]
264 4. ‡c©2026.
300 . ‡a371 pages ; ‡c24 cm
336 . ‡atext ‡btxt ‡2rdacontent
337 . ‡aunmediated ‡bn ‡2rdamedia
338 . ‡avolume ‡bnc ‡2rdacarrier
520 . ‡a"Sandwiched between caring for her mother and rebuilding the relationship with her estranged daughter, Emma, Rosie Lucas's life is full. In the best way. With Emma and her 3-year old daughter, Olive, back home, Rosie has a partner for The Rainy Day Bookshop, the family business, and a chance to fix the past. What she doesn't have time for is a romantic relationship. And even if she did, Andrew Morgan is the last person she'd choose. Not only is he an arrogant and reclusive writer, but he's a single dad with two young kids. She's already been there, done that. Still as an irresistible flirtation builds between them, he becomes her unexpected confidante on the distance Rosie can't seem to overcome with Emma, a secret she can't quite unravel . . . Emma isn't proud of her past. But she's pulled herself up by the bootstraps, caring for her own daughter, and protecting her mom at all costs. Just as she always has. She never told Rosie what she saw all those years ago and she never will. But some secrets refuse to stay buried, and sometimes the truth is more shocking than fiction. Rosie and Emma will have to navigate an unimaginable path forward. Together"-- ‡cProvided by publisher.
650 0. ‡aFamily secrets ‡vFiction. ‡0(LARL_NWRL_CONSORTIUM)164948
650 0. ‡aMan-woman relationships ‡vFiction. ‡0(LARL_NWRL_CONSORTIUM)165985
650 0. ‡aMothers and daughters ‡vFiction. ‡0(LARL_NWRL_CONSORTIUM)166030
650 0. ‡aFamily-owned business enterprises ‡vFiction. ‡0(LARL_NWRL_CONSORTIUM)164945
650 0. ‡aBookstores ‡vFiction.
650 0. ‡aSingle parents ‡vFiction. ‡0(LARL_NWRL_CONSORTIUM)175047
650 7. ‡aFiction/Romance - Enemies to Lovers. ‡2bisacsh
650 7. ‡aFiction/Romance - Later in Life. ‡2bisacsh
650 7. ‡aFiction/Family Life - Marriage & Divorce. ‡2bisacsh
650 7. ‡aFiction/Small Town & Rural. ‡2bisacsh
650 7. ‡aFiction/Women. ‡2bisacsh
650 7. ‡aFiction/Friendship. ‡2bisacsh
655 7. ‡aDomestic fiction. ‡2lcgft
655 7. ‡aRomance fiction. ‡2lcgft
901 . ‡a484184 ‡bOCoLC ‡c484184 ‡tbiblio ‡soclc

Additional Resources